Größte Städte Irlands - Statistiken

Allgemein
  • Dieses Quiz wurde 755 mal gespielt
    492 seit der letzten Aktualisierung
  • Das Durchschnittsergebnis liegt bei 4 aus 10
Antwortstatistiken
Bevölkerung Stadt % Korrekt
1.263.219 Dublin
100%
222.526 Cork
81%
85.910 Galway
58%
102.287 Limerick
55%
60.079 Waterford
33%
43.112 Dundalk
15%
44.135 Drogheda
14%
33.512 Bray
9%
33.886 Navan
3%
40.776 Swords
3%
Keine übereinstimmenden Quizze gefunden
Verteilung der Resultate
Anzahl Personen mit jedem Resultat
Perzentil nach korrekt beantworteten Fragen
Ihre Resultats-Entwicklung
Sie haben dieses Quiz seit der letzten Aktualisierung nicht gespielt